Normal view
MARC view
- ترجمة نصار ،سمير عزت
Entry Personal Name
001 - CONTROL NUMBER
- control field: 20506
003 - CONTROL NUMBER IDENTIFIER
- control field: JO-AjAnu
005 - DATE AND TIME OF LATEST TRANSACTION
- control field: 20230606073551.0
008 - FIXED-LENGTH DATA ELEMENTS
- fixed length control field: 230606|| aca||aabn | a|a d
040 ## - CATALOGING SOURCE
- Original cataloging agency: JO-AjAnu
- Transcribing agency: JO-AjAnu
100 ## - HEADING--PERSONAL NAME
- Personal name: ترجمة نصار ،سمير عزت
670 ## - SOURCE DATA FOUND
- Source citation: Work cat.: (JO-AjAnu)10530: ترجمة نصار ،سمير عزت , author, لوركا ثلاث تراجيديات عرس الدم يرما بيت برناردا البا